000 00538nam a22001817a 4500
003 NUST - PNEC
005 20170116180858.0
008 150831b xxu||||| |||| 00| 0 eng d
020 _a-
040 _cLIBRARY
082 _a620.1 LOW
100 _96043
_aLow, David Allan
245 _aApplied Mechanics : strength and elasticity of materials theory and design of structures theory of machines and hydraulics
_cDavid Allan Low
250 _a24th ed.
260 _cc.1952
650 _96049
_aApplied Mechanics
_xME
942 _2ddc
_cBK
999 _c64868
_d64868